000 00501nam a22001817a 4500
005 20230509124108.0
008 230509b |||||||| |||| 00| 0 eng d
020 _a9780000988331
041 _aeng
082 _a615.7 COB-C
100 _aCOBERT, BARTON ., GREGORY , WILIAM W AND THOMAS , JEAN-LOUP
_97842
245 _aCOBERT'S MANUAL OF SAFETY AND PHARMACOVIGILANCE
250 _a3rd ed.
260 _bWORLD SCIENTIFIC
300 _a494;P.
650 _aPHARMACY
_xB. PHARMA
_97843
942 _cBK
999 _c8304
_d8302